[Event "Lancaran op-B"]
[Site "Lancaran"]
[Date "2025.07.09"]
[Round "4"]
[White "Huseynov, Murad1"]
[Black "Zeynalov, Alakbar"]
[Result "1-0"]
[WhiteElo "1599"]
[BlackElo "1743"]
[PlyCount "73"]
[EventDate "2025.07.07"]
[EventType "swiss"]
[EventRounds "9"]
[EventCountry "AZE"]
[SourceTitle "CB29_2025"]
[SourceDate "2025.07.16"]
[SourceVersion "1"]
[SourceVersionDate "2025.07.16"]
[SourceQuality "1"]

1. d4 c5 2. c3 g6 3. Nf3 Nf6 4. Bf4 Bg7 5. e3 0-0 6. Nbd2 d6 7. Be2 b6 8. 0-0 Bb7 9. h3 Nbd7 10. Nc4 Ne4 11. Ng5 Nxg5 12. Bxg5 Nf6 13. Bf3 Qc7 14. Bxb7 Qxb7 15. Bxf6 Bxf6 16. Re1 Rac8 17. Nd2 e5 18. Nc4 Qd5 19. dxe5 Qxc4 20. exf6 Qe6 21. Qf3 d5 22. e4 d4 23. e5 h6 24. cxd4 cxd4 25. Qf4 Kh7 26. Qxd4 Rfd8 27. Qg4 Qxg4 28. hxg4 Rd2 29. Rac1 Re8 30. Rc7 Kg8 31. Rxa7 Rxb2 32. Rd1 g5 33. Rdd7 Rxe5 34. Rxf7 Re1+ 35. Kh2 Rxf2 36. Rg7+ Kf8 37. Rh7 1-0